English songs: Renaissance to Baroque. Low voice
Сохранить в:
| Главные авторы: | , |
|---|---|
| Формат: | |
| Язык: | английский |
| Опубликовано: |
Milwaukee
Hal Leonard Corporation
1996
|
| Редактирование: | 1a. ed |
| Серии: | The Vocal Library
|
| Предметы: | |
| Метки: |
Добавить метку
Нет меток, Требуется 1-ая метка записи!
|
MARC
| LEADER | 00000cam a2200000 a 4500 | ||
|---|---|---|---|
| 001 | UCC7143 | ||
| 003 | CL-VaPUC | ||
| 008 | 190304e19960000us |||||||||||||||||eng|d | ||
| 020 | |a 9780793546336 | ||
| 082 | 0 | 4 | |a 780.941 |b STO |2 21 |
| 100 | 0 | |a Stolen, Steve |e author |9 601639 | |
| 700 | 0 | |a Walters, Richard |e author |9 601640 | |
| 245 | 1 | 0 | |a English songs: Renaissance to Baroque. Low voice |
| 250 | |a 1a. ed | ||
| 300 | |a 79 p | ||
| 942 | |c BK | ||
| 945 | |d 20190304 12:48:00 |a dcastane | ||
| 260 | |a Milwaukee |b Hal Leonard Corporation |c 1996 | ||
| 650 | 0 | |a Música inglesa |9 490101 | |
| 650 | 0 | |a Compositores ingleses |9 328882 | |
| 650 | 0 | |a Canciones inglesas |9 417872 | |
| 583 | |a last modification |c 20190304 12:48:00 |k Rodrigo Vera | ||
| 490 | 0 | |a The Vocal Library | |
| 999 | |c 373873 |d 373871 | ||
| 952 | |0 0 |1 0 |3 erb |4 0 |6 780_941000000000000_STO_1996 |7 0 |8 X |9 492126 |a BIBEDU |b BIBEDU |i 5534291 |l 1 |o 780.941 STO 1996 |p 5534291 |r 2024-04-01 |s 2024-04-01 |w 2019-11-24 |y BK_X |z Catalogado en:20190304 |k MUS | ||